Score 0/10 Timer 01:00
0 Plays Today
East/West State % Correct
EastFlorida
78.5%
WestHawaii
78.2%
EastGeorgia
68.5%
WestIowa
61.1%
EastMichigan
58.3%
WestArkansas
54.2%
WestOklahoma
51.4%
EastIllinois
51.1%
WestWashington
48.9%
EastWisconsin
35.2%
Remove Ads.
Support Sporcle.
Get the best of Sporcle when you Go Orange. This ad-free experience offers more features, more stats, and more fun while also helping to support Sporcle. Thank you for becoming a member.

You're not logged in!

Compare scores with friends on all Sporcle quizzes.
OR
Log In

Show Comments

Extras

Top Quizzes Today


Score Distribution

Your Account Isn't Verified!

In order to create a playlist on Sporcle, you need to verify the email address you used during registration. Go to your Sporcle Settings to finish the process.

Report this User

Report this user for behavior that violates our Community Guidelines.

Details: